| 000 | 00459cam a2200181ua 4500 | ||
|---|---|---|---|
| 020 | _c1.50 | ||
| 041 |
_amal _h |
||
| 082 |
_a894.8127 _bKRI/EV |
||
| 100 | _aKrishna Pillai, E V . | ||
| 245 |
_aE V yude Chiriyum Chinthayaum Part I / _cE V Krishna Pillai. _hTextual Documents |
||
| 250 |
_a5 / _b. |
||
| 260 |
_aKollam : _bS T Reddiar & Sons , _c1957. |
||
| 300 | _a173 ; . | ||
| 365 | _a1.50 | ||
| 504 | _a | ||
| 942 | _cBK | ||
| 999 |
_c3803 _d3803 |
||